000 00824nam a2200253 a 4500
001 BRL_1666
005 20190320211320.0
008 230414s1960----mx-a######---#000-0#spa-#
041 _aspa
044 _amx
050 4 _aF864.S44
_b.H47 1960
100 1 _aHerrera Carrillo, Pablo
_927575
245 1 0 _aFray Junípero Serra civilizador de las Californias
_cPablo Herrera Carrillo.
250 _a3a ed. corregida
260 _aMéxico
_bEditoria Jus
_c1960
300 _a141 p.
_bil.
_c23 cm.
440 0 _aFiguras y episodios de la historia de México
_v78
_927576
500 _aAu1857
600 1 4 _aSerra, Juníper
_cFray
_d1713-1784
_927577
650 1 4 _aMisioneros
_vBiografías
_zCalifornia
_927578
650 1 4 _aMisioneros españoles
_xHistoria
_zCalifornia (Estados Unidos)
_927579
902 _aGRL
942 _2lcc
_cB
999 _c10475
_d10475